000 00894nam0a2200265 4500
001 RU\NLR\bibl\1239161
005 20260405172821.0
021 _aRU
_b2008-28181
_91560
035 _a(NLR Aleph) 001225370
090 _a164548
_c164548
100 _a20080609d2007 |||y0rusy50 ca
101 0 _arus
102 _aRU
105 _aa z |||||
200 1 _aНа берегах тумана
_fФедор Чешко
_g[ил. Юрия Матросова]
210 _aСанкт-Петербург
_cКрылов
_d2007
215 _a826, [2] с.
_cил.
_d22
225 1 _aМужской Клуб
700 1 _aЧешко
_bФ.
_gФедор
_4070
702 1 _4440
_8rus
_7ca
_aМатросов
_bЮ.
_cхудожник-иллюстратор
_gЮрий
_3RU\NLR\auth\7774289
_957217
801 0 _aRU
_bNLR
_c20080609
_gRCR
801 1 _aRU
_bNLR
_c20080609
942 _cBOOK
980 _aNB